[Event "Women's World Teams 2015"]
[Site "Chengdu CHN"]
[Date "2015.04.19"]
[Round "1.1"]
[Board "1"]
[White "Abdumalik, Zhansaya"]
[Black "Koneru, Humpy"]
[Result "1/2-1/2"]
[WhiteTitle "WGM"]
[BlackTitle "GM"]
[WhiteElo "2379"]
[BlackElo "2581"]
[WhiteTeam "KAZAKHSTAN"]
[BlackTeam "INDIA"]
[WhiteFideId "13703544"]
[BlackFideId "5008123"]
[EventDate "2015.04.19"]

1. e4 e5 2. Nf3 Nc6 3. Bb5 a6 4. Ba4 Nf6 5. O-O Nxe4 6. d4 b5 7. Bb3 d5 8. dxe5
Be6 9. Nbd2 Nc5 10. c3 Be7 11. Bc2 d4 12. Nb3 d3 13. Bb1 Nxb3 14. axb3 Bf5 15.
Re1 O-O 16. Be3 Qd5 17. Bd4 Rfd8 18. Bxd3 Bxd3 19. Qxd3 Qxb3 20. e6 fxe6 21. Qe4
Qc4 22. Qxe6+ Qxe6 23. Rxe6 Bd6 24. Re4 a5 25. Rg4 Rd7 26. Rg5 b4 27. Kf1 a4 28.
Rg4 a3 29. cxb4 Bxb4 30. Bc3 Bxc3 31. bxc3 a2 32. Re4 Re7 33. Re2 Kf7 1/2-1/2

[Event "Women's World Teams 2015"]
[Site "Chengdu CHN"]
[Date "2015.04.19"]
[Round "1.1"]
[Board "2"]
[White "Harika, Dronavalli"]
[Black "Saduakassova, Dinara"]
[Result "1-0"]
[WhiteTitle "GM"]
[BlackTitle "WGM"]
[WhiteElo "2492"]
[BlackElo "2398"]
[WhiteTeam "INDIA"]
[BlackTeam "KAZAKHSTAN"]
[WhiteFideId "5015197"]
[BlackFideId "13700090"]
[EventDate "2015.04.19"]

1. Nf3 e6 2. c4 Nf6 3. g3 d5 4. d4 dxc4 5. Bg2 Bb4+ 6. Bd2 a5 7. O-O O-O 8. Bg5
b5 9. Ne5 Ra7 10. Nc3 Ba6 11. a3 Bxc3 12. bxc3 h6 13. Bxf6 Qxf6 14. f4 Rd8 15.
Qc1 c5 16. dxc5 Qe7 17. Qe3 Rc7 18. c6 f6 19. Ng6 Qf7 20. Rad1 Rdc8 21. f5 Nxc6
22. Nf4 Ne5 23. fxe6 Qf8 24. Qb6 Qc5+ 25. Qxc5 Rxc5 26. Rd6 Nc6 27. Ng6 Bb7 28.
Bxc6 R5xc6 29. Ne7+ Kf8 30. Nxc8 Rxc8 31. Rfd1 Bc6 32. Rd8+ Rxd8 33. Rxd8+ Ke7
34. Rc8 1-0

[Event "Women's World Teams 2015"]
[Site "Chengdu CHN"]
[Date "2015.04.19"]
[Round "1.1"]
[Board "3"]
[White "Nakhbayeva, Guliskhan"]
[Black "Padmini, Rout"]
[Result "1-0"]
[WhiteTitle "WGM"]
[BlackTitle "WGM"]
[WhiteElo "2329"]
[BlackElo "2454"]
[WhiteTeam "KAZAKHSTAN"]
[BlackTeam "INDIA"]
[WhiteFideId "13704788"]
[BlackFideId "5029295"]
[EventDate "2015.04.19"]

1. d4 Nf6 2. c4 g6 3. Nc3 d5 4. cxd5 Nxd5 5. g3 Bg7 6. Bg2 Nxc3 7. bxc3 c5 8.
Nf3 Nc6 9. O-O cxd4 10. cxd4 O-O 11. Rb1 Nxd4 12. Nxd4 Bxd4 13. Qa4 Bg7 14. Rd1
Qc7 15. Be3 Qe5 16. Rb5 Qf6 17. Bxb7 Bxb7 18. Rxb7 a5 19. Rdd7 Rfe8 20. Ra7 Qe5
21. Qc6 Rab8 22. Kg2 Rec8 23. Qf3 Bf6 24. Bf4 Qe6 25. Bxb8 Rxb8 26. Ra8 Rxa8 27.
Qxa8+ Kg7 28. Rd2 Bc3 29. Rc2 Bb4 30. Qc6 Qe5 31. e3 g5 32. Rc4 Qb2 33. Qd5 h6
34. Qd4+ Qxd4 35. Rxd4 e5 36. Rc4 h5 37. Kf3 f5 38. Rc7+ Kg6 39. Rc6+ Kg7 40. e4
f4 41. g4 1-0

[Event "Women's World Teams 2015"]
[Site "Chengdu CHN"]
[Date "2015.04.19"]
[Round "1.1"]
[Board "4"]
[White "Gomes, Mary Ann"]
[Black "Dauletova, Gulmira"]
[Result "0-1"]
[WhiteTitle "WGM"]
[BlackTitle "WIM"]
[WhiteElo "2354"]
[BlackElo "2201"]
[WhiteTeam "INDIA"]
[BlackTeam "KAZAKHSTAN"]
[WhiteFideId "5013623"]
[BlackFideId "13702971"]
[EventDate "2015.04.19"]

1. Nf3 d5 2. g3 Bg4 3. Bg2 c6 4. c4 e6 5. O-O Nf6 6. b3 Nbd7 7. Bb2 Bd6 8. d3
O-O 9. Qc2 Re8 10. e4 dxe4 11. dxe4 e5 12. Nc3 a5 13. a3 Qc7 14. h3 Bh5 15. Rfd1
Bf8 16. Na4 Nc5 17. Nxc5 Bxc5 18. Rd2 Nd7 19. Nh4 Nf8 20. Bf3 Bxf3 21. Nxf3 f6
22. Bc3 Ne6 23. Qb2 Qe7 24. Kg2 Reb8 25. Qc1 b6 26. Raa2 Rd8 27. Qa1 Rxd2 28.
Nxd2 Rd8 29. Qb2 Qd7 30. Nf3 Qd3 31. b4 axb4 32. axb4 Bd4 33. Bxd4 Nxd4 34. Nd2
Ne6 35. Qc2 Qxc2 36. Rxc2 Kf7 37. Nf3 Rd1 38. Ra2 Rb1 39. Ra7+ Kf8 40. Ra8+ Kf7
41. Ra7+ Ke8 42. Nh4 Rxb4 43. Nf5 Kd8 44. Nxg7 Nxg7 45. Rxg7 Rxc4 46. Kf3 h5 47.
Rh7 b5 48. Rxh5 b4 49. Rh8+ Kc7 50. Rh7+ Kb6 51. Rh8 Ka7 52. Rh7+ Ka6 53. Rh8 c5
54. h4 b3 55. Ra8+ Kb7 56. Ra1 Rd4 57. h5 c4 58. h6 Kc6 59. h7 Rd8 60. Ke3 Kc5
61. Rd1 Rh8 62. Rh1 Kb4 63. Kd2 c3+ 64. Kc1 Ra8 65. Kb1 0-1

[Event "Women's World Teams 2015"]
[Site "Chengdu CHN"]
[Date "2015.04.19"]
[Round "1.2"]
[Board "1"]
[White "Muzychuk, Anna"]
[Black "Socko, Monika"]
[Result "0-1"]
[WhiteTitle "GM"]
[BlackTitle "GM"]
[WhiteElo "2552"]
[BlackElo "2463"]
[WhiteTeam "UKRAINE"]
[BlackTeam "POLAND"]
[WhiteFideId "14111330"]
[BlackFideId "1106619"]
[EventDate "2015.04.19"]

1. e4 c6 2. d4 d5 3. e5 Bf5 4. c4 e6 5. Nc3 Ne7 6. Be3 dxc4 7. Bxc4 Nd7 8. Nf3
Nb6 9. Bd3 h6 10. O-O Bxd3 11. Qxd3 Nf5 12. Ne4 Qd5 13. a3 Qc4 14. Qd1 Qd5 15.
Qc2 Qc4 16. Rac1 Qxc2 17. Rxc2 Rd8 18. g4 Nxe3 19. fxe3 Be7 20. b4 Nd5 21. Kf2
O-O 22. Nc5 Bxc5 23. bxc5 f6 24. exf6 Rxf6 25. Ke2 Rdf8 26. h4 a5 27. e4 Nc7 28.
a4 e5 29. dxe5 Rf4 30. Nd2 Ne6 31. Rxf4 Rxf4 32. Ke3 Rxg4 33. Nc4 Rxh4 34. Nxa5
Rh3+ 35. Kd2 Rh2+ 36. Kc3 Rxc2+ 37. Kxc2 Nxc5 38. Kc3 h5 39. Kb4 Na6+ 40. Kc4 h4 0-1

[Event "Women's World Teams 2015"]
[Site "Chengdu CHN"]
[Date "2015.04.19"]
[Round "1.2"]
[Board "2"]
[White "Zawadzka, Jolanta"]
[Black "Ushenina, Anna"]
[Result "1-0"]
[WhiteTitle "WGM"]
[BlackTitle "GM"]
[WhiteElo "2422"]
[BlackElo "2486"]
[WhiteTeam "POLAND"]
[BlackTeam "UKRAINE"]
[WhiteFideId "1122320"]
[BlackFideId "14110911"]
[EventDate "2015.04.19"]

1. e4 c5 2. Nf3 a6 3. c4 Nc6 4. Nc3 e5 5. g3 d6 6. Bg2 g6 7. O-O Bg7 8. d3 Nge7
9. Be3 Rb8 10. a4 O-O 11. Ne1 f5 12. f4 fxe4 13. dxe4 Be6 14. Qd3 Na5 15. Nd5
exf4 16. gxf4 Bxb2 17. Rb1 Bg7 18. Nf3 Nac6 19. Ng5 Bg4 20. f5 gxf5 21. h3 Bd4
22. Ne6 fxe4 23. Nxd8 exd3 24. Nxc6 Rxf1+ 25. Rxf1 Nxc6 26. hxg4 b5 27. Bxd4
Nxd4 28. Nf4 Ne2+ 29. Nxe2 dxe2 30. Bd5+ Kg7 31. Rf7+ Kg6 32. Kf2 bxa4 1-0

[Event "Women's World Teams 2015"]
[Site "Chengdu CHN"]
[Date "2015.04.19"]
[Round "1.2"]
[Board "3"]
[White "Zhukova, Natalia"]
[Black "Szczepkowska-Horowska, Karina"]
[Result "1/2-1/2"]
[WhiteTitle "GM"]
[BlackTitle "WGM"]
[WhiteElo "2471"]
[BlackElo "2414"]
[WhiteTeam "UKRAINE"]
[BlackTeam "POLAND"]
[WhiteFideId "14101513"]
[BlackFideId "1122681"]
[EventDate "2015.04.19"]

1. d4 d5 2. c4 e6 3. Nf3 Nf6 4. Bg5 h6 5. Bxf6 Qxf6 6. Nc3 Bb4 7. e3 O-O 8. Rc1
dxc4 9. Bxc4 c5 10. O-O cxd4 11. Nxd4 Qe7 12. Ne4 Bd7 13. Qh5 Nc6 14. Nb3 Be8
15. a3 Bd6 16. Nxd6 Qxd6 17. Rfd1 Qe7 18. Qc5 Qf6 19. Bd3 g6 20. Qc2 Ne5 21. Nc5
Nxd3 22. Rxd3 Bc6 23. Nd7 Bxd7 24. Rxd7 b6 25. Qc3 Qxc3 26. Rxc3 Rfd8 27. Rcc7
Rxd7 28. Rxd7 Rc8 29. g3 Rc2 30. Rxa7 Rxb2 31. a4 1/2-1/2

[Event "Women's World Teams 2015"]
[Site "Chengdu CHN"]
[Date "2015.04.19"]
[Round "1.2"]
[Board "4"]
[White "Bartel, Marta"]
[Black "Gaponenko, Inna"]
[Result "1-0"]
[WhiteTitle "WGM"]
[BlackTitle "IM"]
[WhiteElo "2350"]
[BlackElo "2384"]
[WhiteTeam "POLAND"]
[BlackTeam "UKRAINE"]
[WhiteFideId "1123009"]
[BlackFideId "14101181"]
[EventDate "2015.04.19"]

1. d4 Nf6 2. Nf3 g6 3. c4 Bg7 4. Nc3 d5 5. Bf4 O-O 6. Rc1 c6 7. e3 Na6 8. Be2
dxc4 9. Bxc4 Nc7 10. O-O Ncd5 11. Be5 Bh6 12. Nxd5 Nxd5 13. Nd2 Be6 14. Qf3 f6
15. Bg3 Qd7 16. h3 Bf7 17. Rfd1 Rad8 18. a3 Qe8 19. Ne4 f5 20. Nc5 f4 21. exf4
Nxf4 22. Bxf4 Bxc4 23. Rxc4 Bxf4 24. Qe2 e5 25. Nxb7 Rxd4 26. Rcxd4 exd4 27.
Qc4+ Rf7 28. Nc5 Be5 29. Nd3 Bg7 30. Re1 Qd7 31. b4 Kh8 32. Re6 Rf6 33. Re2 Rf8
34. Qc5 Rf7 35. Rc2 Rf6 36. Ne5 Qe8 37. Qxd4 Rf5 38. f4 Bxe5 39. fxe5 Qxe5 40.
Qxe5+ Rxe5 41. Rxc6 a5 42. Rc5 Re2 43. Rxa5 Kg7 44. Ra7+ Kh6 45. b5 Rb2 46. a4
Rb4 47. Kf2 Kg5 48. Ke3 h5 49. Kd3 Kh4 50. Kc3 Rb1 51. Rg7 Rc1+ 52. Kb4 Rb1+ 53.
Kc5 Rb2 54. a5 Rxg2 55. a6 Kxh3 56. a7 Ra2 57. Kb6 h4 58. Rxg6 1-0

[Event "Women's World Teams 2015"]
[Site "Chengdu CHN"]
[Date "2015.04.19"]
[Round "1.3"]
[Board "1"]
[White "Abrahamyan, Tatev"]
[Black "Moaataz, Ayah"]
[Result "1-0"]
[WhiteTitle "WGM"]
[BlackTitle "WIM"]
[WhiteElo "2322"]
[BlackElo "2022"]
[WhiteTeam "UNITED STATES OF AMERICA"]
[BlackTeam "EGYPT"]
[WhiteFideId "13301918"]
[BlackFideId "10615873"]
[EventDate "2015.04.19"]

1. e4 c6 2. d4 d5 3. Nc3 dxe4 4. Nxe4 Bf5 5. Ng3 Bg6 6. h4 h6 7. Nf3 Nd7 8. h5
Bh7 9. Bd3 Bxd3 10. Qxd3 Ngf6 11. Bd2 e6 12. O-O-O Qc7 13. Ne4 O-O-O 14. g3 Nxe4
15. Qxe4 Bd6 16. c4 Qb6 17. Qe2 Qa6 18. Kb1 Bc7 19. b3 Rhe8 20. Bc3 Qa3 21. Bb2
Qa5 22. Ne5 Bxe5 23. dxe5 c5 24. Qg4 Rg8 25. f4 Qc7 26. Rd6 g6 27. Rhd1 Nb8 28.
hxg6 Rxd6 29. exd6 Qd7 30. g7 Nc6 31. Qh5 e5 32. Bxe5 Nd4 33. Bxd4 cxd4 34. Qc5+
Qc6 35. Qxd4 1-0

[Event "Women's World Teams 2015"]
[Site "Chengdu CHN"]
[Date "2015.04.19"]
[Round "1.3"]
[Board "2"]
[White "Wafa, Shahenda"]
[Black "Foisor, Sabina-Francesca"]
[Result "1-0"]
[WhiteTitle "WIM"]
[BlackTitle "WGM"]
[WhiteElo "2123"]
[BlackElo "2276"]
[WhiteTeam "EGYPT"]
[BlackTeam "UNITED STATES OF AMERICA"]
[WhiteFideId "10609962"]
[BlackFideId "1212915"]
[EventDate "2015.04.19"]

1. e4 e5 2. Nf3 Nc6 3. Bb5 a6 4. Ba4 Nf6 5. d4 exd4 6. O-O Be7 7. Re1 b5 8. Bb3
d6 9. Bd5 Nxd5 10. exd5 Ne5 11. Nxd4 Bg4 12. f3 Bd7 13. Bf4 O-O 14. Bg3 Nc4 15.
b3 Nb6 16. a3 Nxd5 17. Nxb5 Bf6 18. Ra2 axb5 19. Qxd5 Re8 20. c4 Rxe1+ 21. Bxe1
Be6 22. Qd3 bxc4 23. bxc4 Ra4 24. Rc2 Qb8 25. Nd2 Bb2 26. Nb1 g6 27. g4 Bg7 28.
Nd2 Qa8 29. Ra2 Qa6 30. Bf2 d5 31. Bc5 Bf6 32. Rc2 dxc4 33. Qe3 Bg7 34. Bb4 c3
35. Ne4 Qc4 36. Kg2 Ra8 37. Nxc3 Bd4 38. Qe4 Rd8 39. Ne2 Qb3 40. Nxd4 Rxd4 41.
Qa8+ Kg7 42. Qf8+ Kf6 43. Qh8+ Kg5 44. h4+ Kxh4 45. Be7+ 1-0

[Event "Women's World Teams 2015"]
[Site "Chengdu CHN"]
[Date "2015.04.19"]
[Round "1.3"]
[Board "3"]
[White "Ni, Viktorija"]
[Black "Sherif, Amina"]
[Result "1-0"]
[WhiteTitle "WIM"]
[BlackTitle "WIM"]
[WhiteElo "2188"]
[BlackElo "1961"]
[WhiteTeam "UNITED STATES OF AMERICA"]
[BlackTeam "EGYPT"]
[WhiteFideId "11602252"]
[BlackFideId "12911690"]
[EventDate "2015.04.19"]

1. Nf3 d6 2. g3 Nf6 3. Bg2 g6 4. O-O Bg7 5. d4 O-O 6. Nc3 Nbd7 7. e4 c5 8. d5 a6
9. a4 Rb8 10. Qe2 b5 11. axb5 axb5 12. Nxb5 Nxe4 13. Na7 Nef6 14. Nc6 Qb6 15.
Nxb8 Nxb8 16. Nd2 Re8 17. Nc4 Qc7 18. Bd2 Ba6 19. Bc3 Qb7 20. Rfe1 Nbd7 21. b3
Bb5 22. Ra5 Qb8 23. Qd2 Nf8 24. Rea1 Bxc4 25. bxc4 Qc8 26. h3 h5 27. Ra7 Qf5 28.
Qd3 Qg5 29. Bd2 Qe5 30. Re1 Qd4 31. Qxd4 cxd4 32. Rexe7 Rc8 33. Bf1 Bh8 34. Bf4
N8h7 35. Rxf7 g5 36. Bxd6 Ne4 37. c5 Nhf6 38. Rac7 Re8 39. Be7 Nxd5 40. Bc4 Nec3
41. Rd7 1-0

[Event "Women's World Teams 2015"]
[Site "Chengdu CHN"]
[Date "2015.04.19"]
[Round "1.3"]
[Board "4"]
[White "Wafa, Shrook"]
[Black "Melekhina, Alisa"]
[Result "0-1"]
[WhiteTitle "WGM"]
[BlackTitle "FM"]
[WhiteElo "2058"]
[BlackElo "2235"]
[WhiteTeam "EGYPT"]
[BlackTeam "UNITED STATES OF AMERICA"]
[WhiteFideId "10609970"]
[BlackFideId "2022613"]
[EventDate "2015.04.19"]

1. e4 c5 2. Nf3 g6 3. Nc3 Bg7 4. d4 cxd4 5. Nxd4 Nc6 6. Be3 Nf6 7. Bc4 O-O 8.
O-O Nxe4 9. Nxe4 d5 10. Nxc6 bxc6 11. Bd3 dxe4 12. Bxe4 Qc7 13. c3 Rb8 14. Rb1
Be6 15. Qa4 Rfc8 16. Rfd1 Rb5 17. b4 Bxc3 18. Rdc1 Qe5 19. Bd3 Rbb8 20. g3 Bd5
21. Bf4 Qh5 22. Rxc3 Qf3 23. Kf1 e5 24. Be3 Rd8 25. Qc2 e4 26. Ba6 Be6 27. Kg1
Rxb4 28. Bd2 Rxd2 29. Rxf3 Rxc2 30. Rxb4 exf3 31. h4 Rxa2 32. Bb7 Bd5 33. Rb1 a5
34. Rc1 a4 35. Bxc6 Bxc6 36. Rxc6 Ra1+ 37. Kh2 a3 38. Ra6 h5 39. g4 hxg4 40. Kg3
a2 41. Kh2 g3+ 0-1

[Event "Women's World Teams 2015"]
[Site "Chengdu CHN"]
[Date "2015.04.19"]
[Round "1.4"]
[Board "3"]
[White "Arabidze, Meri"]
[Black "Pogonina, Natalija"]
[Result "1/2-1/2"]
[WhiteTitle "IM"]
[BlackTitle "WGM"]
[WhiteElo "2374"]
[BlackElo "2456"]
[WhiteTeam "GEORGIA"]
[BlackTeam "RUSSIA"]
[WhiteFideId "13604040"]
[BlackFideId "4147855"]
[EventDate "2015.04.19"]

1. d4 Nf6 2. Nf3 d5 3. c4 e6 4. Bg5 Be7 5. Nc3 h6 6. Bh4 O-O 7. e3 b6 8. Bd3 Bb7
9. O-O Nbd7 10. Bg3 c5 11. cxd5 Nxd5 12. Nxd5 Bxd5 13. Rc1 Nf6 14. dxc5 Bxc5 15.
Ne5 Bb7 16. Be2 Qe7 17. Qa4 Ne4 18. Bf4 g5 19. Bg3 Nxg3 20. hxg3 Rac8 21. Bf3
Bxf3 22. gxf3 a5 23. Qe4 Bd6 24. Nc4 Qc7 25. f4 Rfd8 26. a4 Qc5 27. Rfd1 Bf8 28.
b3 Qb4 29. Rd3 b5 30. axb5 Qxb5 31. Rxd8 Rxd8 32. Qc2 Rb8 33. Ra1 Qxb3 34. Qxb3
Rxb3 35. Rxa5 gxf4 36. gxf4 Rb7 37. Ra8 Kg7 38. Ne5 Bd6 39. Nf3 Be7 40. Ra5 Rc7
41. Kg2 Bf6 42. Kg3 Rb7 43. Nh2 Bc3 44. Rc5 Bb4 45. Rc1 1/2-1/2

[Event "Women's World Teams 2015"]
[Site "Chengdu CHN"]
[Date "2015.04.19"]
[Round "1.4"]
[Board "4"]
[White "Goryachkina, Aleksandra"]
[Black "Batsiashvili, Nino"]
[Result "1-0"]
[WhiteTitle "WGM"]
[BlackTitle "IM"]
[WhiteElo "2456"]
[BlackElo "2475"]
[WhiteTeam "RUSSIA"]
[BlackTeam "GEORGIA"]
[WhiteFideId "4147103"]
[BlackFideId "13602993"]
[EventDate "2015.04.19"]

1. d4 d5 2. c4 e6 3. Nf3 Nf6 4. Nc3 Bb4 5. Bg5 h6 6. Bxf6 Qxf6 7. Qa4+ Nc6 8. e3
O-O 9. Be2 Bd7 10. Qc2 dxc4 11. O-O Na5 12. Ne5 Qe7 13. Ne4 Rfd8 14. Bxc4 Nxc4
15. Qxc4 Bd6 16. f4 Rac8 17. Rac1 Be8 18. Qb3 c6 19. Nxd6 Rxd6 20. Qa3 b6 21.
Nc4 Rd7 22. Qxe7 Rxe7 23. Nd6 Rcc7 24. e4 Kf8 25. Rc3 Red7 26. e5 Rd8 27. b4 a6
28. a4 Ra7 29. a5 bxa5 30. bxa5 Rb8 31. Rcc1 Ke7 32. Rb1 Rd8 33. Rb6 g5 34. fxg5
hxg5 35. Rfb1 f5 36. Rb8 Rxb8 37. Rxb8 Bd7 38. Nb7 Be8 39. Kf2 f4 40. Nd6 Bd7
41. Rg8 Rc7 42. Rxg5 Kf8 43. Ne4 Rb7 44. Kf3 Rb4 45. Nf6 Rxd4 46. Rg8+ Kf7 47.
Rd8 Ra4 48. Rxd7+ Kg6 49. Kg4 Ra2 50. h4 Rxg2+ 51. Kxf4 Rf2+ 52. Kg3 Rf1 53. h5+
Kg5 54. Rg7+ Kf5 55. h6 Kxe5 56. Ng4+ Ke4 57. h7 1-0

[Event "Women's World Teams 2015"]
[Site "Chengdu CHN"]
[Date "2015.04.19"]
[Round "1.5"]
[Board "1"]
[White "Danielian, Elina"]
[Black "Ju, Wenjun"]
[Result "1/2-1/2"]
[WhiteTitle "GM"]
[BlackTitle "GM"]
[WhiteElo "2488"]
[BlackElo "2557"]
[WhiteTeam "ARMENIA"]
[BlackTeam "CHINA"]
[WhiteFideId "13300210"]
[BlackFideId "8603006"]
[EventDate "2015.04.19"]

1. d4 Nf6 2. Nf3 g6 3. c4 Bg7 4. g3 c6 5. Bg2 O-O 6. Nc3 d5 7. cxd5 cxd5 8. Ne5
b6 9. O-O Bb7 10. Bf4 Nc6 11. Rc1 Rc8 12. Qa4 a6 13. Nxc6 Rxc6 14. Qb3 e6 15.
Na4 b5 16. Nc5 Ba8 17. a4 bxa4 18. Qxa4 Qc8 19. Be5 Nd7 20. Bxg7 Kxg7 21. b4 Nb6
22. Qa1 Bb7 23. e4 Rd8 24. Rfe1 Kg8 25. e5 Nc4 26. h4 Rb6 27. h5 Bc6 28. Qc3 Qc7
29. Ra1 Ra8 30. Qf3 Qe7 31. Qf4 Bb7 32. hxg6 hxg6 33. Bf3 Rxb4 34. Kg2 Bc8 35.
Rh1 g5 36. Qc1 f6 37. Rh5 Ra7 38. Nd3 Rb8 39. exf6 Qxf6 40. Ne5 Rg7 41. Qc3 Rh7
42. Rxh7 Kxh7 43. Rh1+ Kg8 44. Nxc4 dxc4 45. Qxc4 Bd7 46. Qc2 Qg7 47. d5 Rf8 48.
Qe4 Rf6 49. d6 Rf7 50. Qa8+ Qf8 51. Rh5 Qxa8 52. Bxa8 Rg7 53. Kf3 a5 54. Ke3 a4
55. Be4 Kf7 56. Kd4 g4 57. Ra5 Kf6 58. Ra7 Bb5 59. Ra5 Bd7 60. Bc2 Rg5 61. Rxg5
Kxg5 62. Ke5 a3 63. Bb3 Kg6 64. Ba2 Kf7 65. Bb3 Kg6 66. Ba2 Kf7 67. Bb3 Kg6 1/2-1/2

[Event "Women's World Teams 2015"]
[Site "Chengdu CHN"]
[Date "2015.04.19"]
[Round "1.5"]
[Board "2"]
[White "Tan, Zhongyi"]
[Black "Mkrtchian, Lilit"]
[Result "1/2-1/2"]
[WhiteTitle "WGM"]
[BlackTitle "IM"]
[WhiteElo "2487"]
[BlackElo "2443"]
[WhiteTeam "CHINA"]
[BlackTeam "ARMENIA"]
[WhiteFideId "8603642"]
[BlackFideId "13300601"]
[EventDate "2015.04.19"]

1. d4 Nf6 2. c4 e6 3. g3 c5 4. Nf3 cxd4 5. Nxd4 Qc7 6. Nc3 a6 7. Bg2 Be7 8. O-O
O-O 9. e4 Nc6 10. Nde2 Ne5 11. b3 d6 12. h3 Re8 13. Be3 Bd7 14. Rc1 Rac8 15. f4
Ng6 16. Qe1 h6 17. Qf2 Qb8 18. Rfd1 Bc6 19. Nd4 Bd7 20. a4 Qc7 21. Nde2 Bd8 22.
Rd3 Bc6 23. Rcd1 Be7 24. Bb6 Qb8 25. b4 Rf8 26. b5 Be8 27. Ba7 Qc7 28. c5 d5 29.
exd5 exd5 30. Nxd5 Nxd5 31. Rxd5 axb5 32. Bb6 Qb8 33. axb5 Bxb5 34. Nd4 Bc4 35.
Rd7 Bxc5 36. Rxb7 Qd6 37. Bxc5 Qxc5 38. Nf3 Qxf2+ 39. Kxf2 Rfd8 40. Rxd8+ Rxd8
41. Rb4 1/2-1/2

[Event "Women's World Teams 2015"]
[Site "Chengdu CHN"]
[Date "2015.04.19"]
[Round "1.5"]
[Board "3"]
[White "Galojan, Lilit"]
[Black "Shen, Yang"]
[Result "0-1"]
[WhiteTitle "IM"]
[BlackTitle "IM"]
[WhiteElo "2277"]
[BlackElo "2459"]
[WhiteTeam "ARMENIA"]
[BlackTeam "CHINA"]
[WhiteFideId "13301314"]
[BlackFideId "8603162"]
[EventDate "2015.04.19"]

1. Nf3 d5 2. g3 c6 3. Bg2 Bf5 4. O-O e6 5. d3 h6 6. c4 Nf6 7. b3 Be7 8. Nbd2 O-O
9. Bb2 a5 10. a3 Bh7 11. Qc2 Na6 12. Rac1 Nd7 13. Qb1 Bf6 14. Qa1 Bxb2 15. Qxb2
Qf6 16. Qxf6 Nxf6 17. d4 Rfd8 18. Rfd1 Nc7 19. e3 Nfe8 20. g4 f6 21. h3 Nd6 22.
Nh2 a4 23. b4 dxc4 24. Nxc4 Nxc4 25. Rxc4 e5 26. Ra1 exd4 27. exd4 Bd3 28. Rc3
Rxd4 29. Rd1 Rad8 30. Nf3 R4d6 31. Ne1 Bg6 32. Rxd6 Rxd6 33. Bf1 Rd1 34. Ng2 Nd5
35. Rg3 Ra1 36. h4 Be4 37. Ne3 Rxa3 0-1

[Event "Women's World Teams 2015"]
[Site "Chengdu CHN"]
[Date "2015.04.19"]
[Round "1.5"]
[Board "4"]
[White "Lei, Tingjie"]
[Black "Kursova, Maria"]
[Result "1-0"]
[WhiteTitle "WGM"]
[BlackTitle "WGM"]
[WhiteElo "2444"]
[BlackElo "2290"]
[WhiteTeam "CHINA"]
[BlackTeam "ARMENIA"]
[WhiteFideId "8605114"]
[BlackFideId "4129709"]
[EventDate "2015.04.19"]

1. Nf3 c5 2. c4 Nc6 3. Nc3 Nf6 4. g3 g6 5. Bg2 Bg7 6. d4 cxd4 7. Nxd4 O-O 8. O-O
Qa5 9. Nb3 Qh5 10. e4 d6 11. Qxh5 Nxh5 12. Nd5 Rb8 13. Rb1 Rd8 14. Bg5 Kf8 15.
Rfe1 b6 16. h3 Bb7 17. Nd2 Rd7 18. Red1 h6 19. Be3 g5 20. Bf3 Nf6 21. b4 Ne8 22.
c5 e6 23. b5 exd5 24. bxc6 Bxc6 25. exd5 Ba4 26. Rdc1 dxc5 27. Rc4 Nd6 28. Bxc5
Ke8 29. Bxd6 1-0

[Event "Women's World Teams 2015"]
[Site "Chengdu CHN"]
[Date "2015.04.20"]
[Round "2.1"]
[Board "1"]
[White "Koneru, Humpy"]
[Black "Ju, Wenjun"]
[Result "1-0"]
[WhiteTitle "GM"]
[BlackTitle "GM"]
[WhiteElo "2581"]
[BlackElo "2557"]
[WhiteTeam "INDIA"]
[BlackTeam "CHINA"]
[WhiteFideId "5008123"]
[BlackFideId "8603006"]
[EventDate "2015.04.19"]

1. d4 Nf6 2. c4 e6 3. Nf3 b6 4. e3 Bb7 5. Bd3 d5 6. b3 Bd6 7. Bb2 O-O 8. O-O
Nbd7 9. Qe2 Qe7 10. Ne5 c5 11. Nxd7 Nxd7 12. cxd5 exd5 13. Nd2 Nf6 14. Ba6 Ne4
15. Bxb7 Qxb7 16. dxc5 Nxd2 17. Qxd2 bxc5 18. Rfd1 Rfd8 19. Rac1 Rac8 20. g3 Bf8
21. Qe2 h6 22. Rc2 Rd7 23. Qg4 Rdd8 24. Rcd2 c4 25. bxc4 Rxc4 26. Qf5 Ra4 27.
Be5 Qa6 28. Rxd5 Rxd5 29. Rxd5 Rxa2 30. Rd8 Ra5 31. Qf4 Rb5 32. Qd4 Rb1+ 33. Kg2
Qf1+ 34. Kf3 Qh1+ 1-0

[Event "Women's World Teams 2015"]
[Site "Chengdu CHN"]
[Date "2015.04.20"]
[Round "2.1"]
[Board "2"]
[White "Tan, Zhongyi"]
[Black "Harika, Dronavalli"]
[Result "1/2-1/2"]
[WhiteTitle "WGM"]
[BlackTitle "GM"]
[WhiteElo "2487"]
[BlackElo "2492"]
[WhiteTeam "CHINA"]
[BlackTeam "INDIA"]
[WhiteFideId "8603642"]
[BlackFideId "5015197"]
[EventDate "2015.04.19"]

1. Nf3 Nf6 2. c4 e6 3. g3 d5 4. Bg2 Be7 5. O-O O-O 6. d4 dxc4 7. Ne5 Nc6 8. Bxc6
bxc6 9. Nxc6 Qe8 10. Nxe7+ Qxe7 11. Na3 c5 12. dxc5 Qxc5 13. Be3 Qh5 14. f3 c3
15. bxc3 Qa5 16. Nc4 Qc7 17. Nb2 Nd5 18. Bd4 e5 19. c4 exd4 20. cxd5 Qc5 21. Nd3
Qxd5 22. Qd2 Ba6 23. Rfd1 Bxd3 24. Qxd3 Qe6 25. Rd2 Rad8 26. Qb3 Rfe8 27. Qxe6
Rxe6 28. Rad1 Kf8 29. Kf1 Ra6 30. e3 Ra3 31. exd4 Rxf3+ 32. Kg2 Rf6 33. Rc1 1/2-1/2

[Event "Women's World Teams 2015"]
[Site "Chengdu CHN"]
[Date "2015.04.20"]
[Round "2.1"]
[Board "3"]
[White "Padmini, Rout"]
[Black "Shen, Yang"]
[Result "1/2-1/2"]
[WhiteTitle "WGM"]
[BlackTitle "IM"]
[WhiteElo "2454"]
[BlackElo "2459"]
[WhiteTeam "INDIA"]
[BlackTeam "CHINA"]
[WhiteFideId "5029295"]
[BlackFideId "8603162"]
[EventDate "2015.04.19"]

1. e4 e5 2. Nf3 Nc6 3. Bb5 Nf6 4. d3 Bc5 5. c3 O-O 6. O-O Re8 7. h3 a6 8. Bxc6
dxc6 9. Bg5 h6 10. Bh4 Bd6 11. Nbd2 b5 12. Re1 c5 13. a4 Bb7 14. Qb3 g5 15. Bg3
Bc6 16. d4 c4 17. Qc2 Nd7 18. Nxe5 Nxe5 19. Bxe5 Bxe5 20. dxe5 Rxe5 21. Nf3 Re7
22. Nd4 Bd7 23. axb5 axb5 24. Rxa8 Qxa8 25. Re3 c5 26. Ne2 Qb8 27. Ng3 Qe5 28.
Qd1 Kf8 29. Nf5 Bxf5 30. exf5 Qc7 31. f6 Rxe3 32. fxe3 Qb6 33. Qd5 1/2-1/2